01440nam a2200361 a 4500001001200000003000800012006001900020007001500039008004100054010001700095020003000112020002700142040002100169035002100190043001200211050002800223082001800251245009000269260005500359300003800414490003800452504005100490533015200541650005000693650002900743650005100772655002900823700002000852710001700872830004600889856012600935999001701061ebr10733708CaPaEBRm o u cr cn|||||||||110214s2011 nyuad sb 001 0 eng d z 2011006690 z9781612099828 (hardcover) z9781628088250 (e-book) aCaPaEBRcCaPaEBR a(OCoLC)852898554 an-us---14aRM666.C266bC374 2011eb04a615/.782722200aCannabis sativa for health and hemph[electronic resource] /cEthan L. Clark, editor. aHauppauge, N.Y. :bNova Science Publisher,cc2011. aviii, 171 p. :bill. (some col.).1 aPublic health in the 21st century aIncludes bibliographical references and index. aElectronic reproduction.bPalo Alto, Calif. :cebrary,d2013.nAvailable via World Wide Web.nAccess may be limited to ebrary affiliated libraries. 0aCannabinoidsxTherapeutic usezUnited States. 0aCannabiszUnited States. 0aMarijuanaxLaw and legislationzUnited States. 7aElectronic books.2local1 aClark, Ethan L.2 aebrary, Inc. 0aPublic health in the 21st century series.40uhttp://site.ebrary.com/lib/rucke/Doc?id=10733708zAn electronic book accessible through the World Wide Web; click to view c36750d36750